太鼓の達人 イエローVer.段位道場 課題曲 - Statistics

General Stats
  • This quiz has been taken 5 times
  • The average score is 9 of 75
Answer Stats
段位 曲名 % Correct
達人1st まださいたま2000
75%
達人2nd ≠MM
75%
名人3rd HARDCOREノ心得
50%
達人3rd Infinite Rebellion
50%
十段2nd No Gravity
50%
初級2nd 夏祭り
25%
六級3rd ルカルカ★ナイトフィーバー
25%
三級2d ワタリドリ
25%
二段3rd クリスマスソング
25%
四段3rd ロストワンの号哭
25%
七段1st ぷるぷるしんぷる
25%
七段2nd 天狗囃子
25%
九段3rd 闇の魔法少女
25%
玄人1st 紫煌ノ乱
25%
名人1st 郢曲/暁闇
25%
名人2nd 竜と黒炎の姫君(裏)
25%
超人2nd χ談
25%
超人3rd 万戈イムー一ノ十
25%
十段3rd そつおめしき2ばん
25%
九段1st Abandoned Temple Final 2nd
25%
玄人2nd Abyss of hell(裏)
25%
三段1st ラーメン de Yo-men!!
25%
十段1st D's Adventure Note
25%
玄人3rd FUJIN Rumble
25%
七段3rd G意識過剰
25%
九段2nd RIDGE RACER STEPS -GMT remix-
25%
三段2nd Soup
25%
三段3rd TO MAKE THE END OF BATTLE
25%
超人1st UNDEAD HEART 〜怒りのWarriors〜
25%
初級3rd 私以外私じゃないの
0%
十級2bd トライ・エヴリシング
0%
十級3rd 黒い猫の歌
0%
九級1st イケナイ太陽
0%
九級2nd サイレントマジョリティー
0%
九級3rd 前前前世
0%
八級2nd シュガーソングとビターステップ
0%
七級1st 全力バタンキュー
0%
七級3rd 花丸◎日和!
0%
六級1st ゴーストルール
0%
六級2nd 六丁年と一夜物語
0%
三級1st もったいないとらんど
0%
二級2nd 明星ロケット
0%
初段3rd じょいふる
0%
二段1st ラブソングはとまらないよ
0%
四段2nd 好きな人がいること
0%
五段2nd 道化師の朝の歌
0%
五段3rd ボクハシンセ
0%
六段1st うそうそ時
0%
六段2nd がしゃどくろ
0%
八段2nd 魔方陣 -サモン・デルタ-
0%
八段3rd +♂(プラス男子)(裏)
0%
初級1st 365日の紙飛行機
0%
八段1st 亜空間遊泳ac12.5
0%
三級3rd ANTI-HERO
0%
八級1st crossing field
0%
一級1st Dr.WILY STAGE 1
0%
五級3rd FANTASTIC BABY
0%
二段2nd 蓄勢 〜GEAR UP〜
0%
四級2nd GOIN'!!
0%
初段2nd Hard Knock Days
0%
四段1st I my moko
0%
一級3rd KAGEKIYO
0%
二級3rd Ladystar Wandering
0%
十級1st Let It Go〜ありのままで〜
0%
一級2nd Lightning Dance
0%
四級3rd ONLY MY NOTE
0%
五級2nd PERFECT HUMAN
0%
五級1st ペンパイナッポーアッポーペン(PPAP)
0%
七級2nd QUESTION
0%
五段1st カノン(シンクロニカRemix)
0%
初段1st RPG
0%
二級1st 深緋の心臓 -SCARLET HEART-
0%
六段3rd SORA-VI 火ノ鳥
0%
八級3rd talking
0%
四級1st Thank You!
0%
No matching quizzes found
Score Distribution
Percent of People with Each Score
Percentile by Number Answered
Your Score History
You have not taken this quiz